|
|
|
|
| LEADER |
00798ncm a22002172a 4500 |
| 001 |
001258189 |
| 003 |
CZ BrMZK |
| 005 |
20121017085818.0 |
| 007 |
qu |
| 008 |
121017s1900 gw |||||||||||||||||ger d |
| 040 |
|
|
|a BOA001
|b cze
|
| 072 |
|
7 |
|a 784
|x Vokální hudba
|2 Konspekt
|9 9
|
| 100 |
1 |
|
|a Suppé, Franz von,
|d 1819-1895
|7 jn19990008364
|4 cmp
|
| 245 |
1 |
0 |
|a Liechtenstein-Lied
|h [hudebnina] :
|b für eine Bariton-Stimme oder für Männerchor (unisono) mit Klavier-Begleitung /
|c Franz von Suppé ; Gedicht von Stanislaus Krousky
|
| 260 |
|
|
|a Leipzig :
|b Weinberger,
|c [1900?]
|
| 300 |
|
|
|a 1, 7 s.
|
| 700 |
1 |
|
|a Krousky, Stanislaus
|4 lyr
|
| 910 |
|
|
|a BOA001
|b Mus4-0522.466
|
| 990 |
|
|
|a MU
|
| 991 |
|
|
|b 201210
|
| 996 |
6 |
|
|b 2619080967
|c Mus4-0522.466
|l MZK
|r Sklad / do 1 hodiny
|n 0
|w 001292084
|u 000010
|a 1
|e BOA001
|j MZK50
|s P
|